Statistics for Word Scramble - Vegetables

Click here to take the quiz!

General Stats

  • This quiz has been taken 75 times
  • The average score is 14 of 20

Answer Stats

Scrambled VegetableVegetable% Correct
NioonOnion
98%
MottaoTomato
97%
CurbemucCucumber
95%
ToopatPotato
95%
ArcotrCarrot
92%
Ellb PereppBell Pepper
91%
BaegacbCabbage
88%
AkelKale
82%
HaspincSpinach
78%
OblrciocBroccoli
75%
GarapassuAsparagus
68%
EcultetLettuce
68%
HidsarRadish
68%
YcrleeCelery
65%
Regen AbneGreen Bean
65%
HiznicucZucchini
65%
CartikoeArtichoke
63%
RailcigGarlic
35%
LionlcasScallion
32%
GeltnagpEggplant
25%

Score Distribution

Percentile by Number Answered

Percent of People with Each Score

Your Score History

You have not taken this quiz